El castaño. Productor de fruto y madera creador de paisaje y protector

Gespeichert in:
Bibliographische Detailangaben
Hauptverfasser: Berrocal del Brio, Manuel (VerfasserIn), Gallardo Lancho, Juan F (VerfasserIn), Cardeñoso Herrero, José Marcos (VerfasserIn)
Format: Buch
Sprache:Spanisch
Veröffentlicht: Madrid Mundi-Prensa 1997
Schlagworte:
Tags: Tag hinzufügen
Keine Tags, Fügen Sie den ersten Tag hinzu!

MARC

LEADER 00000nam a2200000 a 4500
001 UCI5283
003 CL-VaPUC
008 080320e19970000SP |||||||||||||||||spa|d
020 |a 847114722X 
082 0 4 |a 634.53  |b BER  |2 21 
100 0 |a Berrocal del Brio, Manuel  |e author  |9 527541 
700 0 |a Gallardo Lancho, Juan F  |e author  |9 527542 
700 0 |a Cardeñoso Herrero, José Marcos  |e author  |9 527543 
245 1 3 |a El castaño. Productor de fruto y madera creador de paisaje y protector 
300 |a 288 p 
942 |c BK 
945 |d 20080320 00:00:00  |a rbrito 
260 |a Madrid  |b Mundi-Prensa  |c 1997 
650 7 |a CASTAÑO  |2 CL-VaPUC  |9 527544 
650 0 |a Cultivo  |9 264268 
650 7 |a CASTAÑA  |2 CL-VaPUC  |9 259700 
650 0 |a Árboles frutales   |9 264297 
650 0 |a Control de plagas  |9 327373 
650 0 |a Enfermedades de las plantas  |9 259687 
650 0 |a Madera  |9 262357 
650 0 |a Fertilización   |9 259681 
583 |a last modification  |c 20080320 00:00:00  |k Rodrigo Vera 
999 |c 329037  |d 329035 
952 |0 0  |1 0  |4 0  |6 634_530000000000000_BER_1997  |7 0  |8 A  |9 413325  |a BIBAGR  |b BIBAGR  |d 2019-11-22  |i 4414675  |o 634.53 BER 1997  |p 4414675  |r 2025-01-20  |w 2019-11-22  |y BK  |k AGR